banner-ar

علم التوثيق والحفظ فى الوطن العربى : كتاب يعالج دور الوثيقة فى الوطن العربى / (Record no. 43959)

MARC details
000 -الفاتح
حقل البيانات ثابتة الطول 00580nam a2200193Ia 4500
008 - عناصر البيانات ثابتة الطول - معلومات عامة
حقل البيانات ثابتة الطول 140319s9999 xx 000 0 ara d
040 ## - مصدر الفهرسة
وكالة الفهرسة الأصلية GCL /
وكالة النسخ GCL
082 04 - رقم تصنيف ديوى العشرى
رقم التصنيف 025.17
رقم المادة م ع
100 1# - المدخل الرئيسى - إسم شخصى
الإسم الشخصى محمد قبيسى
245 10 - بيان العنوان
العنوان علم التوثيق والحفظ فى الوطن العربى : كتاب يعالج دور الوثيقة فى الوطن العربى /
بيان المسئوليه,etc محمد قبيسى
300 ## - الوصف المادى
التعداد 125 ص
490 ## - بيان السلسلة
عنوان السلسلة
650 04 - المدخل الاضافى بالموضوع-مصطلح موضوعى
مصطلح موضوعي الوطن العربى
650 04 - المدخل الاضافى بالموضوع-مصطلح موضوعى
مصطلح موضوعي الوثائق
650 04 - المدخل الاضافى بالموضوع-مصطلح موضوعى
مصطلح موضوعي ترميم
650 04 - المدخل الاضافى بالموضوع-مصطلح موضوعى
مصطلح موضوعي حفظ
942 ## - عناصر المدخل الإضافي( كوها)
مصدر التصنيف او مخطط الترفيف Dewey Decimal Classification
Koha [default] item type كتاب
Holdings
حالة التراجع حالة الفقد حالة تلف ليس للاعارة المكان المؤقت الموقع الحالى تاريخ الاكتساب اجمالي اﻻعارات رقم الطلب الباركود تاريخ اخر مشاهدة تاريخ تفعيل السعر نوع وعاء كوها
        مكتبة القاهرة الكبرى مكتبة القاهرة الكبرى 03/26/2014   025.17\م ع 106611 03/26/2014 03/26/2014 كتاب
        مكتبة القاهرة الكبرى مكتبة القاهرة الكبرى 03/26/2014   025.17\م ع 106612 03/26/2014 03/26/2014 كتاب
        مكتبة القاهرة الكبرى مكتبة القاهرة الكبرى 03/26/2014   025.17\م ع 106613 03/26/2014 03/26/2014 كتاب
        مكتبة القاهرة الكبرى مكتبة القاهرة الكبرى 03/26/2014   025.17\م ع 106614 03/26/2014 03/26/2014 كتاب
        مكتبة القاهرة الكبرى مكتبة القاهرة الكبرى 03/26/2014   025.17\م ع 106615 03/26/2014 03/26/2014 كتاب
        مكتبة القاهرة الكبرى مكتبة القاهرة الكبرى 03/26/2014   025.17\م ع 106616 03/26/2014 03/26/2014 كتاب

Powered By

EGPV